MARC

LEADER 00000naa2a2200000 4500
001 630878
005 20231101133631.0
035 |a (RuTPU)RU\TPU\conf\32441 
035 |a RU\TPU\conf\32440 
090 |a 630878 
100 |a 20200130d2019 k y0rusy50 ba 
101 0 |a eng 
102 |a RU 
105 |a y z 101zy 
135 |a drgn ---uucaa 
181 0 |a i  
182 0 |a b 
200 1 |a Pulsed corona discharge oxidation of aqueous dissolved organic substances  |f F. E. Saprykin [et al.] 
203 |a Текст  |c электронный 
230 |a 1 компьютерный файл (pdf; 541 Kb) 
300 |a Заглавие с титульного экрана 
463 1 |0 (RuTPU)RU\TPU\conf\32407  |t Gas Discharge Plasmas and Their Applications (GDP 2019)  |o 14th International Conference, September 15–21, 2019, Tomsk, Russia  |o abstracts  |f National Research Tomsk Polytechnic University (TPU) ; eds. Yu. D. Korolev, N. N. Koval  |v [С. 211]  |d 2019 
610 1 |a электронный ресурс 
610 1 |a труды учёных ТПУ 
610 1 |a окисление 
610 1 |a коронные разряды 
610 1 |a органические вещества 
610 1 |a атмосферное давление 
610 1 |a обработка 
610 1 |a вода 
610 1 |a гидроксильные радикалы 
610 1 |a плазма 
610 1 |a загрязняющие вещества 
701 1 |a Saprykin  |b F. E.  |c physicist  |c engineer of Tomsk Polytechnic University  |f 1984-  |g Filipp Evgenievich  |2 stltpush  |3 (RuTPU)RU\TPU\pers\36290 
701 1 |a Kornev  |b I. 
701 1 |a Lobanova  |b G. L.  |c chemist  |c Lead counselor of Tomsk Polytechnic University, Candidate of chemical sciences  |f 1942-  |g Galina Leonidovna  |2 stltpush  |3 (RuTPU)RU\TPU\pers\32971 
701 1 |a Preis  |b S.  |c specialist in the field of materials science  |c Professor of Tomsk Polytechnic University, candidate of technical Sciences  |f 1959-  |g Sergei  |2 stltpush  |3 (RuTPU)RU\TPU\pers\35690 
712 0 2 |a Национальный исследовательский Томский политехнический университет  |b Инженерная школа новых производственных технологий  |b Научно-производственная лаборатория "Чистая вода"  |h 7886  |2 stltpush  |3 (RuTPU)RU\TPU\col\23657 
801 2 |a RU  |b 63413507  |c 20200131  |g RCR 
856 4 |u http://earchive.tpu.ru/handle/11683/57746 
942 |c BK